[Event "CRI-ch"]
[Site "San Jose"]
[Date "2002.??.??"]
[Round "3"]
[White "Rodriguez Miller, Adolfo"]
[Black "Minero Pineda, Sergio"]
[Result "0-1"]
[WhiteElo "2000"]
[BlackElo "2398"]
[PlyCount "34"]
[EventDate "2002.06.??"]
[EventType "swiss"]
[EventRounds "11"]
[EventCountry "CRI"]
[SourceTitle "EXT 2007"]
[Source "ChessBase"]
[SourceDate "2006.11.23"]
[SourceVersion "1"]
[SourceVersionDate "2006.11.23"]
[SourceQuality "1"]

1. e4 e6 2. d4 d5 3. e5 c5 4. Qg4 Nc6 5. Nf3 cxd4 6. Bd3 Qc7 7. Qg3 Nge7 8. 0-0 Ng6 9. Re1 f6 10. exf6 Qxg3 11. fxg7 Qxf2+ 12. Kxf2 Bxg7 13. h4 0-0 14. h5 Nge5 15. a3 Ng4+ 16. Kg1 e5 17. Bb5 e4 0-1

[Event "CRI-ch"]
[Site "San Jose"]
[Date "2002.??.??"]
[Round "9"]
[White "Rodriguez Miller, Adolfo"]
[Black "Salas Perez, Walter"]
[Result "1-0"]
[WhiteElo "2000"]
[BlackElo "2073"]
[PlyCount "23"]
[EventDate "2002.06.??"]
[EventType "swiss"]
[EventRounds "11"]
[EventCountry "CRI"]
[SourceTitle "EXT 2007"]
[Source "ChessBase"]
[SourceDate "2006.11.23"]
[SourceVersion "1"]
[SourceVersionDate "2006.11.23"]
[SourceQuality "1"]

1. e4 e6 2. c4 d5 3. cxd5 exd5 4. exd5 Nf6 5. Bc4 Nxd5 6. d4 Bb4+ 7. Bd2 0-0 8. Nc3 Nb6 9. Bb3 Qxd4 10. Nf3 Re8+ 11. Kf1 Bxc3 12. Nxd4 1-0